| 000 | 00552cam a22001811 4500 | ||
|---|---|---|---|
| 082 |
_a668.651 _bCOP _cL-17, P-13 |
||
| 110 | 2 |
_aCopper Development Association. _940948 |
|
| 245 | 0 | 0 | _aCopper compounds in agriculture and industrial microbiology. |
| 260 |
_aLondon _c[1948] |
||
| 300 |
_a117 p. _billus. _c23 cm. |
||
| 490 | 1 | _aIts C. D. A. publication | |
| 526 |
_a0 _b0 _c0 _d668_651000000000000_COP |
||
| 650 | 0 |
_aCopper compounds. _944859 |
|
| 650 | 0 |
_aFungicides. _944860 |
|
| 650 | 0 |
_aInsecticides. _944861 |
|
| 650 | 0 |
_aMCE _9379 |
|
| 942 |
_2ddc _cBK |
||
| 999 |
_c548518 _d548518 |
||